Culture Générale - Série 1572 - Statistiques

Statistiques générales
  • Ce quiz a été pris 92 fois
  • Le résultat moyen est 5 sur 10
Statistiques - réponses
Question Réponse % Correct
Selon l'expression familière, quelles articulations du pied "enflent", chez une personne prétentieuse ? chevilles
96%
De quel État des États-Unis, la ville de Honolulu, est-elle la capitale ? Hawaii
93%
De quel mousquetaire le vicomte de Bragelonne, héros d'Alexandre Dumas, est-il le fils ? Athos
72%
A quelle chanteuse australienne, interprète du titre "Aller plus haut", doit-on la tournée "The Best et le meilleur" ? Tina Arena
59%
Comment se prénommait le père du comédien Vincent Cassel ? Jean-Pierre
57%
Dans quelle bande dessinée, créée en 1908, sévissent les trois escrocs Croquignol, Filochard et Ribouldingue ? Les Pieds Nickelés
48%
En 1951, quel acteur a été révélé à l'âge de 26 ans par le film “Un tramway nommé Désir” ? Marlon Brando
48%
En 1982, quelle petite fille est le premier bébé-éprouvette à naître en France ? Amandine
43%
En 1998, quelle actrice, prénommée Elodie, a reçu, ex-aequo avec Natacha Régnier, un prix d'interprétation à Cannes pour "La Vie rêvée des anges" ? Élodie Bouchez
27%
Quel terme désigne l'extrémité garnie de longs crins de la queue des bovins ? toupillon
1%
Aucun quiz correspondant
Distribution des résultats
% des personnes avec chaque résultat
Percentile par nombre de réponses
Votre historique - résultats
Vous n’avez pas pris ce quiz